Problems and solutions in solid state physics / (Record no. 135092)

MARC details
000 -LEADER
fixed length control field 00776nam a22002297a 4500
005 - DATE AND TIME OF LATEST TRANSACTION
control field 20170124110239.0
010 ## - LIBRARY OF CONGRESS CONTROL NUMBER
LC control number A-704166
020 ## - INTERNATIONAL STANDARD BOOK NUMBER
International Standard Book Number 8122406580
Terms of availability 00.00
035 ## - SYSTEM CONTROL NUMBER
System control number A-704166
037 ## - SOURCE OF ACQUISITION
Source of stock number/acquisition Cen Lib / Ret
040 ## - CATALOGING SOURCE
Original cataloging agency DPL
Language of cataloging EN
082 ## - DEWEY DECIMAL CLASSIFICATION NUMBER
Classification number 530.41
Item number PIL
100 ## - MAIN ENTRY--PERSONAL NAME
Personal name Pillai, S.O.
9 (RLIN) 19895
245 ## - TITLE STATEMENT
Title Problems and solutions in solid state physics /
Statement of responsibility, etc by S.O. Pillai
260 ## - PUBLICATION, DISTRIBUTION, ETC. (IMPRINT)
Place of publication, distribution, etc New Delhi
Name of publisher, distributor, etc Wiley eastern
Date of publication, distribution, etc 1994
270 ## - ADDRESS
Address 4835/24, Ansari road, Dariyaganj
City New Delhi
Postal code 110002
300 ## - PHYSICAL DESCRIPTION
Extent 377p.
Dimensions 21cm (Hb)
500 ## - GENERAL NOTE
General note Includes bibliographical references
650 ## - SUBJECT ADDED ENTRY--TOPICAL TERM
Topical term or geographic name as entry element Solid state physics -- Problems, exercises, etc.
9 (RLIN) 94349
650 ## - SUBJECT ADDED ENTRY--TOPICAL TERM
Topical term or geographic name as entry element Relativity (Physics) -- Problems, exercises, etc.
9 (RLIN) 94350
942 ## - ADDED ENTRY ELEMENTS (KOHA)
Source of classification or shelving scheme Dewey Decimal Classification
Koha item type English Books
Classification part 530.41
Call number suffix PIL
Holdings
Withdrawn status Lost status Damaged status Not for loan Home library Current library Date acquired Source of acquisition Cost, normal purchase price Total Checkouts Full call number Barcode Date last seen Date checked out Copy number Cost, replacement price Price effective from Koha item type
        Central Library Central Library 30/09/2015 Cen Lib/Ret 0.00 1 530.41 PIL A-704166 20/10/2022 01/10/2022 1 0.00 30/09/2015 English Books

© Delhi Public Library
Hit Counter
free hit counter